| 000 | 00486nam a22001811a 4500 | ||
|---|---|---|---|
| 001 | 1530 | ||
| 003 | OSt | ||
| 005 | 20260204211737.0 | ||
| 008 | 040119s(199||||dr ||||||b||||||||||spa|| | ||
| 050 | _aRD 614.1 S77m | ||
| 082 | _aRD614.1 S77m | ||
| 100 | _aSarita Valdez, Sergio | ||
| 245 | _aMedicina legal: conceptos generales de patología forense / Sergio Sarita Valdez | ||
| 264 | _aSanto Domingo : Graphic | ||
| 300 | _a146 p. | ||
| 650 | _a1.Medicina LegalÌ | ||
| 942 |
_2ddc _cBK |
||
| 999 |
_c1530 _d1530 |
||